[Event "FRA-chT3 Gr06 0607"]
[Site "France"]
[Date "2006.12.10"]
[Round "4.2"]
[White "Marie, Guillaume"]
[Black "Annetti, Laurent"]
[Result "0-1"]
[WhiteElo "2044"]
[BlackElo "1960"]
[PlyCount "59"]
[EventDate "2006.10.15"]
[EventType "team"]
[EventRounds "9"]
[EventCountry "FRA"]
[SourceTitle "EXT 2008"]
[Source "ChessBase"]
[SourceDate "2007.11.25"]
[SourceVersion "1"]
[SourceVersionDate "2007.11.25"]
[SourceQuality "1"]
[WhiteTeam "St Hilaire Petitville"]
[BlackTeam "Queven"]
[WhiteTeamCountry "FRA"]
[BlackTeamCountry "FRA"]

1. e4 e5 2. Nf3 Nc6 3. Bb5 f5 4. d4 fxe4 5. Nxe5 Nxe5 6. dxe5 c6 7. Bc4 Qa5+ 8. Nc3 Qxe5 9. 0-0 d5 10. Be2 Nf6 11. f3 Bd6 12. g3 Bh3 13. Re1 0-0-0 14. Be3 Bb8 15. Bd4 Qe7 16. Na4 h5 17. b4 Nd7 18. Nc5 h4 19. f4 hxg3 20. hxg3 Rh6 21. Bg4 Bxg4 22. Qxg4 Rdh8 23. c4 Rh1+ 24. Kf2 R1h2+ 25. Ke3 b6 26. Nxd7 Qxd7 27. Qxd7+ Kxd7 28. a4 R8h3 29. Rg1 g5 30. fxg5 0-1